| 000 | 00729cab a2200217 4500 | ||
|---|---|---|---|
| 001 | WB3331-27 | ||
| 008 | 090401t1997 xxu||||| |||| 00| 0 eng d | ||
| 035 | _a(Sirsi) u80129 | ||
| 041 | _aeng | ||
| 245 | _aSLF call for leasing reform | ||
| 260 | _c1997 | ||
| 350 | _a0 | ||
| 490 |
_aHerald _v6 August 1997, 22(1) |
||
| 520 | _aA new form of agricultural lease with the English farm business tenancy, has been called for by the Scottish Landowners` Federation. | ||
| 650 | _aPROPERTY-LANDLORD AND TENANT-TENANCIES-AGRICULTURAL TENANCIES | ||
| 650 |
_aLANDLORD AND TENANT _96252 |
||
| 650 | _aSCOTTISH LANDOWNERS FEDERATION | ||
| 690 | _aLANDLORD AND TENANT-AGRICULTURAL TENANCIES | ||
| 942 | _n0 | ||
| 948 | _c06/08/1997 | ||
| 999 |
_c50432 _d50432 |
||